000 00932naa a22002897a 4500
001 BR8203511
003 BR-BrBNA
005 20240918175121.0
007 ta
008 230509b bl.||||| |||| 00| 0 por d
040 _aBR-BrBNA
_bpor
_cBiblioteca Nacional de Agricultura
041 _a(Pt)
072 _aE10; C00; E50
_b/G514
090 _aE10 BR8203511
100 1 _aGrzbowski, C.
245 1 _aTrabalhadores rurais e educacao [Brasil]
260 3 _aBotucatu, SP (Brasil):
_bEd. Polis,
_c1982.
500 _aMao-de-obra volante na agricultura Botucatu, SP (Brasil): Ed. Polis, 1982. p. 306-322 (BR8203511-AM)E10
650 _aTRABALHADOR RURAL
650 _aEDUCACAO
650 _aEXTENSAO RURAL
650 _aSINDICATO
650 _aCURSO
773 0 _tMao-de-obra volante na agricultura
_wE10 BR8203511
_gBotucatu, SP (Brasil), 1982. p. 306-322
909 _a202404
_bLucia
_c55
_dLucia Elande
942 _cAM
_2AGRIS
999 _c315102
_d315102